00000000nam##2200000za#4500
0019.643552
003CaOODSP
00520210624224224
007cr |||||||||||
008150407|2003||||xxc|||||o    f|0| 0 fre|d
040 |aCaOODSP|bfre
043 |an-cn---
0861 |aH164-178/2003F-PDF
1101 |aCanada. |bDirection générale des produits de santé et des aliments.
24510|aDirection des aliments, Direction générale des produits de santé et des aliments - premier rapport annuel sur les priorités et les réalisations du programme, 2003-2004 |h[ressource électronique]
260 |aOttawa - Ontario : |bSanté Canada. |cDécembre 2003.
300 |a15p.|btableaux
590 |a14-14-Supp|b2014-07-24
77508|tFood Directorate, Health Products and Food Branch - first annual report on program priorities & achievements, 2003-2004 |w(CaOODSP)9.699434
85640|ahttp://publications.gc.ca|qPDF|s51 Ko|uhttps://publications.gc.ca/collections/collection_2014/sc-hc/H164-178-2003-fra.pdf